<El> país està en deute amb la gent treballadora : (Record no. 50761)

MARC details
000 -LEADER
campo de control de longitud fija 01118nam a2200349Ia 4500
001 - NÚMERO DE CONTROL
campo de control 061127
008 - DATOS DE LONGITUD FIJA--INFORMACIÓN GENERAL
campo de control de longitud fija 221003m2021 xx 000 0 cat d
035 ## - NÚMERO DE CONTROL DEL SISTEMA
Número de control de sistema CENDO_50762
041 ## - CÓDIGO DE IDIOMA
Código de lengua del texto/banda sonora o título independiente cat
245 #0 - MENCIÓN DEL TÍTULO
Título <El> país està en deute amb la gent treballadora :
Resto del título manifest unitari del Primer de maig : #AraToca
260 ## - PUBLICACIÓN, DISTRIBUCIÓN, ETC.
Lugar de publicación, distribución, etc. Barcelona :
Nombre del editor, distribuidor, etc. CCOO de Catalunya,
Fecha de publicación, distribución, etc. 2021
300 ## - DESCRIPCIÓN FÍSICA
Extensión 2 p. ;
Dimensiones 30 cm
500 ## - NOTA GENERAL
Nota general En: Llu!ta Digital, n. 369 (abril 2021), p. 9-10
650 ## - PUNTO DE ACCESO ADICIONAL DE MATERIA--TÉRMINO DE MATERIA
Término de materia o nombre geográfico como elemento de entrada CLASE TRABAJADORA
9 (RLIN) 385
650 #0 - PUNTO DE ACCESO ADICIONAL DE MATERIA--TÉRMINO DE MATERIA
Término de materia o nombre geográfico como elemento de entrada DERECHOS DE LOS TRABAJADORES
9 (RLIN) 4
650 ## - PUNTO DE ACCESO ADICIONAL DE MATERIA--TÉRMINO DE MATERIA
Término de materia o nombre geográfico como elemento de entrada MOVIMIENTO OBRERO
9 (RLIN) 970
650 ## - PUNTO DE ACCESO ADICIONAL DE MATERIA--TÉRMINO DE MATERIA
Término de materia o nombre geográfico como elemento de entrada SINDICALISMO
9 (RLIN) 189
650 ## - PUNTO DE ACCESO ADICIONAL DE MATERIA--TÉRMINO DE MATERIA
Término de materia o nombre geográfico como elemento de entrada DERECHOS SINDICALES
9 (RLIN) 5
650 #0 - PUNTO DE ACCESO ADICIONAL DE MATERIA--TÉRMINO DE MATERIA
Término de materia o nombre geográfico como elemento de entrada COMUNIDADES AUTONOMAS
9 (RLIN) 344
650 ## - PUNTO DE ACCESO ADICIONAL DE MATERIA--TÉRMINO DE MATERIA
Término de materia o nombre geográfico como elemento de entrada CATALUÑA
9 (RLIN) 539
650 #0 - PUNTO DE ACCESO ADICIONAL DE MATERIA--TÉRMINO DE MATERIA
Término de materia o nombre geográfico como elemento de entrada ACTITUD SINDICAL
9 (RLIN) 61
710 ## - ENTRADA AGREGADA--NOMBRE DE ENTIDAD CORPORATIVA
Nombre de entidad corporativa o nombre de jurisdicción como elemento de entrada CCOO
Unidad subordinada CONC,
Término indicativo de función/relación ed.
9 (RLIN) 2438
856 ## - LOCALIZACIÓN Y ACCESO ELECTRÓNICOS
Nota pública PDF
Identificador Uniforme de Recursos <a href="http://docpublicos.ccoo.es/cendoc/061127PaisDeudaGente.pdf">http://docpublicos.ccoo.es/cendoc/061127PaisDeudaGente.pdf</a>
901 ## - ELEMENTOS DE DATOS A LOCAL LDA (RLIN)
a 0
903 ## - ELEMENTOS DE DATOS C LOCAL, LDC (RLIN)
a NO
904 ## - ELEMENTOS DE DATOS D LOCAL, LDD (RLIN)
a 000
907 ## - ELEMENTOS DE DATOS G LOCAL, LDG (RLIN)
a Primero de Mayo
953 ## -
-- 2021-05-13
-- DOCU_ELEC
-- Llu!ta Digital, n. 369 (abril 2021), p. 9-10
-- PS109
910 ## - DATOS DE OPCIÓN DEL USUARIO (OCLC)
Datos de opción del usuario 2021
942 ## - ELEMENTOS DE ENTRADA SECUNDARIOS (KOHA)
Tipo de ítem Koha Documento Electrónico
Holdings
Estatus retirado Estado de pérdida Estado de daño No para préstamo Biblioteca de origen Biblioteca actual Fecha de adquisición Enumeración/cronología de publicación seriada Total de préstamos Código de barras Visto por última vez Copia número Precio de reemplazo Tipo de ítem Koha
        CENDO CENDO 13/05/2021 Llu!ta Digital, n. 369 (abril 2021), p. 9-10   CENDO_50762 05/10/2022 PS109 05/10/2022 Documento Electrónico